<?xml version="1.0" encoding="UTF-8"?>
<collection xmlns="http://www.loc.gov/MARC21/slim">
 <record>
  <leader>03924ntm a22004817i 4500</leader>
  <controlfield tag="001">000730637</controlfield>
  <controlfield tag="003">CZ-PrVSE</controlfield>
  <controlfield tag="005">20260419164828.0</controlfield>
  <controlfield tag="006">m        d</controlfield>
  <controlfield tag="007">cr n||||||||||</controlfield>
  <controlfield tag="008">260419s2026    xr     fsbm   000 0 cze d</controlfield>
  <datafield tag="STA" ind1=" " ind2=" ">
   <subfield code="a">NEZPRACOVANÝ IMPORT</subfield>
  </datafield>
  <datafield tag="040" ind1=" " ind2=" ">
   <subfield code="a">ABA006</subfield>
   <subfield code="b">cze</subfield>
   <subfield code="c">ABA006</subfield>
   <subfield code="d">ABA006</subfield>
   <subfield code="e">rda</subfield>
  </datafield>
  <datafield tag="100" ind1="1" ind2=" ">
   <subfield code="a">Kaderová, Michaela</subfield>
   <subfield code="%">ISIS:154864</subfield>
   <subfield code="4">dis</subfield>
  </datafield>
  <datafield tag="242" ind1="1" ind2="0">
   <subfield code="a">Determinants of Foreign Direct Investment Inflows into Selected Sectors of the Visegrad Four Countries</subfield>
   <subfield code="y">eng</subfield>
  </datafield>
  <datafield tag="245" ind1="1" ind2="0">
   <subfield code="a">Determinanty přílivu přímých zahraničních investic do vybraných sektorů zemí Visegradské čtyřky /</subfield>
   <subfield code="c">Michaela Kaderová</subfield>
  </datafield>
  <datafield tag="264" ind1=" " ind2="0">
   <subfield code="c">2026</subfield>
  </datafield>
  <datafield tag="300" ind1=" " ind2=" ">
   <subfield code="a">?? stran :</subfield>
   <subfield code="3">digital, PDF soubor</subfield>
  </datafield>
  <datafield tag="500" ind1=" " ind2=" ">
   <subfield code="a">Vedoucí práce: Iveta Černá</subfield>
  </datafield>
  <datafield tag="502" ind1=" " ind2=" ">
   <subfield code="a">Diplomová práce (Ing.)—Vysoká škola ekonomická v Praze. Fakulta mezinárodních vztahů,</subfield>
  </datafield>
  <datafield tag="504" ind1=" " ind2=" ">
   <subfield code="a">Obsahuje bibliografii</subfield>
  </datafield>
  <datafield tag="516" ind1=" " ind2=" ">
   <subfield code="a">Textový (vysokoškolská kvalifikační práce)</subfield>
  </datafield>
  <datafield tag="518" ind1=" " ind2=" ">
   <subfield code="a">Rok obhajoby</subfield>
  </datafield>
  <datafield tag="520" ind1="3" ind2=" ">
   <subfield code="a">Diplomová práce se zabývá determinantami přílivu přímých zahraničních investic do vybraných sektorů ekonomik zemí Visegrádské čtyřky. Jejím cílem je identifikovat faktory, které statisticky významně ovlivňují příliv PZI, porovnat jejich význam mezi sektory a posoudit, zda v rozhodování zahraničních investorů převažují spíše sektorově specifické, nebo makroekonomické determinanty. Teoretická část práce vymezuje přímé zahraniční investice, shrnuje jejich přínosy a rizika pro hostitelské ekonomiky, popisuje vývoj PZI v zemích V4 a na základě literární rešerše identifikuje hlavní determinanty jejich přílivu. Empirická část je založena na panelové regresní analýze dat za Českou republiku, Slovensko, Polsko a Maďarsko v období 2008-2024. Analýza se zaměřuje na zpracovatelský průmysl, velkoobchod a maloobchod a finanční a pojišťovací činnosti, přičemž u zpracovatelského průmyslu je provedeno i detailnější členění do pododvětví. Modely pracují se sektorově specifickými determinantami a makroekonomickými faktory hostitelské země a jsou odhadovány také s časovým zpožděním od nula do čtyř let. Výsledky ukazují, že neexistuje jedna univerzální determinanta přílivu PZI platná napříč všemi sektory a časovými horizonty. Častěji se jako statisticky významné prosazují makroekonomické faktory, zejména velikost trhu, inflace a kvalita regulačního prostředí, zatímco sektorově specifické determinanty, především produktivita práce a náklady práce, působí selektivněji a liší se podle charakteru odvětví. Význam determinant se navíc v řadě případů projevuje se zpožděním. Práce uzavírá, že investiční atraktivita zemí V4 je utvářena kombinací celkového ekonomického a institucionálního prostředí a charakteristik jednotlivých odvětví. Pro hospodářskou politiku z toho vyplývá potřeba s</subfield>
  </datafield>
  <datafield tag="538" ind1=" " ind2=" ">
   <subfield code="a">Způsob přístupu: Internet</subfield>
  </datafield>
  <datafield tag="653" ind1="0" ind2=" ">
   <subfield code="a">mezinárodní obchod [obor dipl. práce]</subfield>
  </datafield>
  <datafield tag="655" ind1=" " ind2="7">
   <subfield code="a">diplomové práce</subfield>
   <subfield code="7">fd132022</subfield>
   <subfield code="2">czenas</subfield>
  </datafield>
  <datafield tag="655" ind1=" " ind2="9">
   <subfield code="a">master's theses</subfield>
   <subfield code="2">eczenas</subfield>
  </datafield>
  <datafield tag="690" ind1=" " ind2=" ">
   <subfield code="a">Visegrádská čtyřka</subfield>
  </datafield>
  <datafield tag="690" ind1=" " ind2=" ">
   <subfield code="a">determinanty přímých zahraničních investic</subfield>
  </datafield>
  <datafield tag="690" ind1=" " ind2=" ">
   <subfield code="a">sektorová analýza</subfield>
  </datafield>
  <datafield tag="690" ind1=" " ind2=" ">
   <subfield code="a">přímé zahraniční investice</subfield>
  </datafield>
  <datafield tag="690" ind1=" " ind2=" ">
   <subfield code="a">panelová regresní analýza</subfield>
  </datafield>
  <datafield tag="700" ind1="1" ind2=" ">
   <subfield code="a">Černá, Iveta,</subfield>
   <subfield code="d">1979-</subfield>
   <subfield code="7">mzk2007430835</subfield>
   <subfield code="4">ths</subfield>
  </datafield>
  <datafield tag="710" ind1="2" ind2=" ">
   <subfield code="a">Vysoká škola ekonomická v Praze.</subfield>
   <subfield code="b">Fakulta mezinárodních vztahů</subfield>
   <subfield code="7">kn20010709400</subfield>
   <subfield code="4">dgg</subfield>
  </datafield>
  <datafield tag="856" ind1="4" ind2="0">
   <subfield code="u">https://insis.vse.cz/zp/92519/podrobnosti</subfield>
   <subfield code="y">VŠKP v InSIS</subfield>
  </datafield>
  <datafield tag="856" ind1="4" ind2="0">
   <subfield code="u">https://insis.vse.cz/zp/92519</subfield>
   <subfield code="y">Hlavní práce</subfield>
  </datafield>
  <datafield tag="999" ind1="4" ind2="0">
   <subfield code="u">https://insis.vse.cz/zp/92519/podrobnosti</subfield>
   <subfield code="y">dc:identifier</subfield>
  </datafield>
  <datafield tag="993" ind1=" " ind2=" ">
   <subfield code="x">NEPOSILAT</subfield>
   <subfield code="y">VSKP</subfield>
  </datafield>
  <datafield tag="999" ind1="4" ind2="9">
   <subfield code="a">vse92519</subfield>
   <subfield code="b">260419</subfield>
  </datafield>
  <datafield tag="999" ind1="4" ind2="5">
   <subfield code="x">92519</subfield>
  </datafield>
 </record>
</collection>
